[Event "1516VL"]
[Site "Mecklenburg-Vorpommern"]
[Date "2016.04.10"]
[Round "8.8"]
[White "Pentzien, Volker"]
[Black "Boecking, Uwe"]
[Result "1-0"]
[WhiteElo "1810"]
[BlackElo "1738"]
[PlyCount "133"]
[EventDate "2015.10.11"]
[EventType "team-tourn"]
[EventRounds "9"]
[EventCountry "GER"]
[SourceDate "2015.09.20"]
[WhiteTeam "ASV GW Wismar "]
[BlackTeam "SFO Warnemuende"]
[WhiteTeamCountry "GER"]
[BlackTeamCountry "GER"]

1. c4 Nf6 2. Nc3 e6 3. e4 d5 4. cxd5 exd5 5. e5 d4 6. exf6 dxc3 7. fxg7 cxd2+
8. Bxd2 Bxg7 9. Qe2+ Qe7 10. Qxe7+ Kxe7 11. O-O-O Be6 12. Bb4+ Ke8 13. Nf3 Nd7
14. Ng5 Bh6 15. f4 Bxg5 16. fxg5 Rg8 17. h4 c5 18. Bc3 c4 19. Be2 Nc5 20. Bf6
Ne4 21. Bf3 Nxf6 22. gxf6 Rg6 23. Bxb7 Rb8 24. Bc6+ Kf8 25. Rhf1 Rg4 26. Rd6 h6
27. Rfd1 Kg8 28. R1d4 Rxd4 29. Rxd4 Rc8 30. Be4 Kf8 31. Kc2 Ke8 32. Kc3 a5 33.
Bd5 Bxd5 34. Rxd5 Rc6 35. Rf5 Kd7 36. g4 Re6 37. Rd5+ Kc6 38. Rxa5 Re4 39. g5
Rxh4 40. gxh6 Rxh6 41. Kxc4 Rh4+ 42. Kb3 Rh3+ 43. Ka4 Rf3 44. b4 Kb7 45. Rc5
Rxf6 46. Kb5 Rb6+ 47. Kc4 Ra6 48. Kb3 Re6 49. a4 Re4 50. Rf5 Re7 51. Kc4 Rc7+
52. Kb5 Ka7 53. a5 Kb7 54. a6+ Ka7 55. Ka5 Re7 56. b5 Kb8 57. b6 Ka8 58. Kb5
Kb8 59. Rf6 Re5+ 60. Kc6 Re8 61. Kd7 Re1 62. Rc6 Rd1+ 63. Ke7 Re1+ 64. Kf8 Rd1
65. a7+ Kb7 66. Rc8 Ra1 67. Rb8+ 1-0

[Event "1516VL"]
[Site "Mecklenburg-Vorpommern"]
[Date "2016.04.10"]
[Round "8.1"]
[White "Mehl, Ronald"]
[Black "Rossmann, Andreas"]
[Result "1/2-1/2"]
[WhiteElo "2090"]
[BlackElo "1919"]
[PlyCount "30"]
[EventDate "2015.10.11"]
[EventType "team-tourn"]
[EventRounds "9"]
[EventCountry "GER"]
[SourceDate "2015.09.20"]
[WhiteTeam "FHSG Stralsund"]
[BlackTeam "SG Neubrandenburg"]
[WhiteTeamCountry "GER"]
[BlackTeamCountry "GER"]

1. d4 Nf6 2. c4 e6 3. Nc3 Bb4 4. Qc2 c5 5. e3 O-O 6. Nf3 b6 7. Be2 Bb7 8. O-O
Bxc3 9. Qxc3 Ne4 10. Qc2 f5 11. Rd1 Qe7 12. d5 exd5 13. cxd5 d6 14. a3 Nd7 15.
Bc4 a6 1/2-1/2

[Event "1516VL"]
[Site "Mecklenburg-Vorpommern"]
[Date "2016.04.10"]
[Round "8.2"]
[White "Kunow, Frank"]
[Black "Hubert, Peter"]
[Result "1/2-1/2"]
[WhiteElo "1860"]
[BlackElo "1986"]
[PlyCount "100"]
[EventDate "2015.10.11"]
[EventType "team-tourn"]
[EventRounds "9"]
[EventCountry "GER"]
[SourceDate "2015.09.20"]
[WhiteTeam "SG Neubrandenburg"]
[BlackTeam "FHSG Stralsund"]
[WhiteTeamCountry "GER"]
[BlackTeamCountry "GER"]

1. Nf3 Nf6 2. c4 c5 3. g3 Nc6 4. Nc3 g6 5. Bg2 Bg7 6. d4 cxd4 7. Nxd4 O-O 8.
O-O Qb6 9. Nb3 d6 10. Be3 Qc7 11. c5 dxc5 12. Nb5 Qb6 13. a4 Nd7 14. Nxc5 Nxc5
15. Qc2 Bf5 16. Qxc5 Qxc5 17. Bxc5 Bxb2 18. Ra2 Bf6 19. Nc7 Rac8 20. Nd5 Rfd8
21. Nxf6+ exf6 22. a5 Rd7 23. Raa1 Nxa5 24. Bxa7 Nc4 25. Rfd1 Rcd8 26. Rdc1 Be6
27. e3 Ra8 28. Bd4 Rxa1 29. Rxa1 Kg7 30. Rb1 b6 31. Bf1 Nd2 32. Rxb6 Nf3+ 33.
Kh1 Nxd4 34. exd4 Rxd4 35. Rb1 h5 36. h4 g5 37. hxg5 fxg5 38. Kg1 h4 39. Kh2
hxg3+ 40. Kxg3 Rg4+ 41. Kf3 Rg1 42. Bd3 Rxb1 43. Bxb1 Kf6 44. Be4 Ke5 45. Bc2
f5 46. Kg3 Bd5 47. Bb1 g4 48. Bc2 Bf3 49. Ba4 Bd5 50. f4+ Kd4 1/2-1/2

[Event "1516VL"]
[Site "Mecklenburg-Vorpommern"]
[Date "2016.04.10"]
[Round "8.3"]
[White "Glawe, Hartmut"]
[Black "Pruesse, Horst"]
[Result "1/2-1/2"]
[WhiteElo "1908"]
[BlackElo "1976"]
[PlyCount "97"]
[EventDate "2015.10.11"]
[EventType "team-tourn"]
[EventRounds "9"]
[EventCountry "GER"]
[SourceDate "2015.09.20"]
[WhiteTeam "FHSG Stralsund"]
[BlackTeam "SG Neubrandenburg"]
[WhiteTeamCountry "GER"]
[BlackTeamCountry "GER"]

1. d4 Nf6 2. c4 e6 3. Nc3 Bb4 4. e3 O-O 5. Bd3 d5 6. cxd5 exd5 7. Nge2 Re8 8.
O-O Bg4 9. f3 Bh5 10. Qb3 Bxc3 11. bxc3 b6 12. Nf4 Bg6 13. c4 c6 14. a4 Bxd3
15. Nxd3 Nbd7 16. cxd5 cxd5 17. Re1 Rc8 18. Bb2 Nb8 19. Ne5 Nc6 20. Rad1 Na5
21. Qa2 Re7 22. e4 Rc2 23. Qb1 Rec7 24. Bc1 Qe8 25. Qb5 Qxb5 26. axb5 dxe4 27.
Bg5 exf3 28. Nxf3 Nc4 29. d5 Rd7 30. Nd4 Ra2 31. Nf5 h6 32. Nxh6+ Kh7 33. Bxf6
Kxh6 34. Be7 Rb2 35. d6 Rxb5 36. Rd4 Re5 37. Red1 Ne3 38. Rc1 Rc5 39. Rxc5 bxc5
40. Rd3 Nf5 41. Rc3 Nxe7 42. dxe7 Rxe7 43. Rxc5 a6 44. Kf2 Kg6 45. g4 f6 46.
Ra5 Ra7 47. Kf3 Kf7 48. h4 g6 49. Kf4 1/2-1/2

[Event "1516VL"]
[Site "Mecklenburg-Vorpommern"]
[Date "2016.04.10"]
[Round "8.4"]
[White "Witkowski, Rainer"]
[Black "Kohn, Andreas"]
[Result "1-0"]
[WhiteElo "1835"]
[BlackElo "1947"]
[PlyCount "97"]
[EventDate "2015.10.11"]
[EventType "team-tourn"]
[EventRounds "9"]
[EventCountry "GER"]
[SourceDate "2015.09.20"]
[WhiteTeam "SG Neubrandenburg"]
[BlackTeam "FHSG Stralsund"]
[WhiteTeamCountry "GER"]
[BlackTeamCountry "GER"]

1. e4 e6 2. d4 d5 3. exd5 exd5 4. Bd3 Bd6 5. Ne2 Nf6 6. O-O h6 7. Bf4 O-O 8.
Nd2 Re8 9. Bg3 Bg4 10. f3 Be6 11. Re1 Nc6 12. Nf1 Ne7 13. Ne3 c6 14. Nf4 Bxf4
15. Bxf4 Nh5 16. Be5 f6 17. Bg3 Nxg3 18. hxg3 Qd6 19. g4 Qf4 20. c3 f5 21. gxf5
Nxf5 22. Nxf5 Bxf5 23. Bxf5 Qxf5 24. Qd2 Qf7 25. Re5 Rxe5 26. dxe5 Re8 27. Re1
Qf5 28. Qe2 Re6 29. b4 h5 30. Qe3 b6 31. Re2 g5 32. Qd4 Kg7 33. b5 Qb1+ 34. Kh2
Qxb5 35. Qe3 Kg6 36. g3 Qc4 37. f4 gxf4 38. gxf4 Kf7 39. f5 Qh4+ 40. Qh3 Qxh3+
41. Kxh3 Re8 42. Kh4 c5 43. Kxh5 d4 44. cxd4 cxd4 45. Kg5 d3 46. e6+ Kf8 47.
Rd2 Rd8 48. Kf6 Rd5 49. Rh2 1-0

[Event "1516VL"]
[Site "Mecklenburg-Vorpommern"]
[Date "2016.04.10"]
[Round "8.5"]
[White "Kohn, Thomas"]
[Black "Baier, Karsten"]
[Result "1/2-1/2"]
[WhiteElo "1854"]
[BlackElo "1850"]
[PlyCount "69"]
[EventDate "2015.10.11"]
[EventType "team-tourn"]
[EventRounds "9"]
[EventCountry "GER"]
[SourceDate "2015.09.20"]
[WhiteTeam "FHSG Stralsund"]
[BlackTeam "SG Neubrandenburg"]
[WhiteTeamCountry "GER"]
[BlackTeamCountry "GER"]

1. Nf3 Nf6 2. d4 d5 3. c4 dxc4 4. e3 e6 5. Bxc4 c5 6. O-O Nc6 7. Nc3 cxd4 8.
exd4 Be7 9. Bg5 Nd5 10. Bxd5 exd5 11. Re1 O-O 12. Bxe7 Nxe7 13. Qb3 b6 14. Rac1
Bb7 15. Rc2 Rc8 16. Rce2 Ng6 17. Ne5 Nf4 18. Re3 Ne6 19. Qd1 Qh4 20. Nb5 Rcd8
21. g3 Qf6 22. Nxa7 Ng5 23. Nb5 Nh3+ 24. Kg2 Nxf2 25. Ng4 Nxg4 26. Qxg4 Bc8 27.
Qf3 Qg6 28. Nc3 Bg4 29. Qf2 Rd6 30. h3 Rf6 31. Qd2 Be6 32. Re5 Rf5 33. Qe3 Rxe5
34. Qxe5 Qh6 35. g4 1/2-1/2

[Event "1516VL"]
[Site "Mecklenburg-Vorpommern"]
[Date "2016.04.10"]
[Round "8.6"]
[White "Winkler, Karl"]
[Black "Klepin, Wilfried"]
[Result "0-1"]
[WhiteElo "1863"]
[BlackElo "1850"]
[PlyCount "83"]
[EventDate "2015.10.11"]
[EventType "team-tourn"]
[EventRounds "9"]
[EventCountry "GER"]
[SourceDate "2015.09.20"]
[WhiteTeam "SG Neubrandenburg"]
[BlackTeam "FHSG Stralsund"]
[WhiteTeamCountry "GER"]
[BlackTeamCountry "GER"]

1. e4 e6 2. d4 d5 3. exd5 exd5 4. Bd3 Nf6 5. Nf3 Be7 6. O-O O-O 7. Bg5 Bg4 8.
Nbd2 c6 9. c3 Nbd7 10. Qc2 Bh5 11. Rfe1 Bg6 12. Re2 Bd6 13. Rae1 Bxd3 14. Qxd3
Qc7 15. Ne5 Rae8 16. Ndf3 Ne4 17. Nxd7 Qxd7 18. Bh4 Re6 19. Nd2 Nxd2 20. Rxe6
fxe6 21. Qxd2 Qf7 22. Qe2 Re8 23. Bg3 Bxg3 24. hxg3 Qf5 25. f3 a6 26. Kf2 h5
27. Qe5 Qxe5 28. Rxe5 g6 29. Ke3 Kg7 30. Rg5 Kf6 31. f4 b6 32. b4 a5 33. bxa5
b5 34. Kd3 Ra8 35. Re5 Rxa5 36. Re2 Ra3 37. Rc2 b4 38. Kd2 bxc3+ 39. Ke3 Kf5
40. Kf3 g5 41. fxg5 Kxg5 42. Ke3 0-1

[Event "1516VL"]
[Site "Mecklenburg-Vorpommern"]
[Date "2016.04.10"]
[Round "8.7"]
[White "Giese, Lothar"]
[Black "Bugdahl, Felix"]
[Result "1/2-1/2"]
[WhiteElo "1800"]
[BlackElo "1781"]
[PlyCount "45"]
[EventDate "2015.10.11"]
[EventType "team-tourn"]
[EventRounds "9"]
[EventCountry "GER"]
[SourceDate "2015.09.20"]
[WhiteTeam "FHSG Stralsund"]
[BlackTeam "SG Neubrandenburg"]
[WhiteTeamCountry "GER"]
[BlackTeamCountry "GER"]

1. c4 Nf6 2. Nc3 g6 3. e4 Nc6 4. d4 d6 5. h3 Bg7 6. Nf3 O-O 7. Be2 e5 8. d5 Ne7
9. Be3 Nd7 10. g4 f5 11. gxf5 gxf5 12. Bg5 Qe8 13. Rg1 Nc5 14. Nd2 Ng6 15. b4
Nxe4 16. Ndxe4 fxe4 17. Nxe4 Bf5 18. Bd3 Kh8 19. h4 Nf4 20. f3 Qf7 21. Bxf4
Bxe4 22. Bxe4 Qxf4 23. Qe2 1/2-1/2

[Event "1516VL"]
[Site "Mecklenburg-Vorpommern"]
[Date "2016.04.10"]
[Round "8.8"]
[White "Meyer, Detlef"]
[Black "Vietinghoff, Klaus"]
[Result "1-0"]
[WhiteElo "1775"]
[BlackElo "1757"]
[PlyCount "161"]
[EventDate "2015.10.11"]
[EventType "team-tourn"]
[EventRounds "9"]
[EventCountry "GER"]
[SourceDate "2015.09.20"]
[WhiteTeam "SG Neubrandenburg"]
[BlackTeam "FHSG Stralsund"]
[WhiteTeamCountry "GER"]
[BlackTeamCountry "GER"]

1. e4 d6 2. d4 g6 3. Bd3 Bg7 4. c3 Nf6 5. h3 O-O 6. Nf3 Nc6 7. O-O e5 8. d5 Ne7
9. Bg5 h6 10. Be3 Kh7 11. Na3 a6 12. Rc1 b6 13. Qd2 Neg8 14. b4 Nh5 15. Qe2
Nhf6 16. c4 a5 17. Nc2 axb4 18. Nxb4 Bd7 19. Qb2 Nh5 20. Qd2 f5 21. exf5 gxf5
22. Bb1 Kh8 23. Qd1 Be8 24. Qc2 Ba4 25. Qe2 Be8 26. Nh2 Qh4 27. Qc2 Ba4 28. Qe2
Be8 29. Bd2 Ne7 30. Nf3 Qf6 31. Bc3 Nf4 32. Qe3 Qg6 33. Ne1 Qg5 34. Kh2 Qh5 35.
Nbd3 Neg6 36. Nxf4 Nxf4 37. Nf3 Ra3 38. Qd2 Kg8 39. Ng1 Bd7 40. Bb2 Raa8 41.
Rc3 Qf7 42. Rg3 Nh5 43. Rb3 Nf4 44. Re1 Qg6 45. Rg3 Qf7 46. Ne2 Nh5 47. Rb3 f4
48. Rg1 Bf5 49. Bxf5 Qxf5 50. Ba1 Kh7 51. Nc1 Bf6 52. Qe2 Rg8 53. g4 fxg3+ 54.
fxg3 Raf8 55. Rf3 Qg5 56. Qe4+ Qg6 57. Qxg6+ Kxg6 58. Ne2 Ra8 59. Rg2 Raf8 60.
g4 Nf4 61. Nxf4+ exf4 62. Bxf6 Rxf6 63. Re2 Rgf8 64. h4 R8f7 65. Kg2 Rf8 66.
Re7 R8f7 67. Re4 Rf8 68. Ra3 R8f7 69. Kf3 Kg7 70. Ra7 Kg6 71. Re8 Rg7 72. Rb7
Kh7 73. Rc8 Rff7 74. h5 Re7 75. Rbb8 Rgf7 76. Rh8+ Kg7 77. Rbg8+ Kf6 78. Rxh6+
Ke5 79. Rg5+ Kd4 80. Re6 Kxc4 81. h6 1-0

[Event "1516VL"]
[Site "Mecklenburg-Vorpommern"]
[Date "2016.04.24"]
[Round "9.1"]
[White "Rabinowitsch, Juri"]
[Black "Mehl, Ronald"]
[Result "0-1"]
[WhiteElo "1888"]
[BlackElo "2090"]
[PlyCount "96"]
[EventDate "2015.10.11"]
[EventType "team-tourn"]
[EventRounds "9"]
[EventCountry "GER"]
[SourceDate "2015.09.20"]
[WhiteTeam "SF Schwerin IV"]
[BlackTeam "FHSG Stralsund"]
[WhiteTeamCountry "GER"]
[BlackTeamCountry "GER"]

1. e4 c5 2. Nf3 e6 3. d4 cxd4 4. Nxd4 a6 5. c4 Qc7 6. Nc3 Nf6 7. Be2 d6 8. O-O
Be7 9. Be3 b6 10. f4 O-O 11. Qe1 Bb7 12. Bf3 Nbd7 13. Qg3 Rac8 14. Rac1 Nc5 15.
e5 Ne8 16. Bxb7 Qxb7 17. f5 dxe5 18. fxe6 exd4 19. exf7+ Rxf7 20. Rxf7 Kxf7 21.
Bxd4 Ne6 22. Rf1+ Bf6 23. Bxf6 Nxf6 24. Nd5 Rxc4 25. Nxf6 gxf6 26. Qd3 Qc6 27.
Qxh7+ Ng7 28. Qd3 Rc2 29. Qb3+ Ne6 30. Qg3 Qc5+ 31. Kh1 Rc1 32. Qf3 Rxf1+ 33.
Qxf1 Qe3 34. h3 b5 35. Qd1 Nc5 36. Qh5+ Ke7 37. Qh7+ Kd6 38. Qh8 Qe1+ 39. Kh2
Qe5+ 40. Kg1 Qxb2 41. Qb8+ Kd5 42. Qd8+ Kc4 43. Qe7 Qa1+ 44. Kh2 Qe5+ 45. Qxe5
fxe5 46. g4 Ne6 47. h4 Kd3 48. g5 Ng7 0-1

[Event "1516VL"]
[Site "Mecklenburg-Vorpommern"]
[Date "2016.04.24"]
[Round "9.2"]
[White "Hubert, Peter"]
[Black "Jung, Werner"]
[Result "1-0"]
[WhiteElo "1986"]
[BlackElo "1877"]
[PlyCount "89"]
[EventDate "2015.10.11"]
[EventType "team-tourn"]
[EventRounds "9"]
[EventCountry "GER"]
[SourceDate "2015.09.20"]
[WhiteTeam "FHSG Stralsund"]
[BlackTeam "SF Schwerin IV"]
[WhiteTeamCountry "GER"]
[BlackTeamCountry "GER"]

1. Nf3 f5 2. d4 Nf6 3. c4 g6 4. Nc3 d6 5. g3 Bg7 6. Bg2 O-O 7. O-O c6 8. Qc2
Qc7 9. b3 Na6 10. Bb2 Nb4 11. Qd2 a5 12. a3 Na6 13. Rac1 Bd7 14. e3 Rad8 15.
Rfd1 Qb6 16. Qc2 Qc7 17. Na4 c5 18. Nc3 Rfe8 19. Nd5 Qb8 20. Nb6 Qc7 21. Nxd7
Rxd7 22. Ng5 e5 23. dxe5 dxe5 24. Rxd7 Qxd7 25. Rd1 Qe7 26. Qd2 e4 27. h4 h6
28. Nh3 Nb8 29. Qxa5 Nc6 30. Qd2 Rd8 31. Qc2 Ng4 32. Rxd8+ Qxd8 33. Bxg7 Kxg7
34. Nf4 Qd6 35. Nd5 Nce5 36. Qc3 Kh7 37. b4 b5 38. Bf1 g5 39. h5 $2 bxc4 $2 (
39... Nf3+ 40. Kg2 Nh4+ $11) 40. Bxc4 Nf3+ 41. Kg2 Nh4+ 42. Kf1 Nf3 43. bxc5
Qxc5 44. Nf6+ Nxf6 45. Bg8+ 1-0

[Event "1516VL"]
[Site "Mecklenburg-Vorpommern"]
[Date "2016.04.24"]
[Round "9.5"]
[White "Krueger, Gerhard"]
[Black "Kohn, Thomas"]
[Result "1/2-1/2"]
[WhiteElo "1815"]
[BlackElo "1854"]
[PlyCount "45"]
[EventDate "2015.10.11"]
[EventType "team-tourn"]
[EventRounds "9"]
[EventCountry "GER"]
[SourceDate "2015.09.20"]
[WhiteTeam "SF Schwerin IV"]
[BlackTeam "FHSG Stralsund"]
[WhiteTeamCountry "GER"]
[BlackTeamCountry "GER"]

1. e4 c5 2. Nf3 Nc6 3. c4 g6 4. d4 cxd4 5. Nxd4 Bg7 6. Be3 Nf6 7. Nc3 O-O 8.
Be2 d6 9. O-O Nxd4 10. Bxd4 Be6 11. f3 Qc8 12. Nd5 Bxd5 13. cxd5 Qd7 14. Rc1
Rfc8 15. Qb3 Rxc1 16. Rxc1 Rc8 17. Rc4 Rxc4 18. Qxc4 a6 19. Bd1 Ne8 20. Bxg7
Kxg7 21. Ba4 Qc7 22. Qd4+ Nf6 23. Qc3 1/2-1/2

[Event "1516VL"]
[Site "Mecklenburg-Vorpommern"]
[Date "2016.04.24"]
[Round "9.6"]
[White "Klepin, Wilfried"]
[Black "Pamperin, Gerhard"]
[Result "0-1"]
[WhiteElo "1850"]
[BlackElo "1765"]
[PlyCount "34"]
[EventDate "2015.10.11"]
[EventType "team-tourn"]
[EventRounds "9"]
[EventCountry "GER"]
[SourceDate "2015.09.20"]
[WhiteTeam "FHSG Stralsund"]
[BlackTeam "SF Schwerin IV"]
[WhiteTeamCountry "GER"]
[BlackTeamCountry "GER"]

1. d4 d5 2. f4 Nf6 3. Nf3 e6 4. e3 c5 5. c3 Nc6 6. Bd3 Bd6 7. O-O O-O 8. Ne5 g6
9. Nd2 Qc7 10. g4 Ne7 11. Qf3 b6 12. Qh3 Bb7 13. Ndf3 Kg7 14. Ng5 h6 15. Nexf7
hxg5 16. fxg5 Nxg4 17. Qxg4 Bxh2+ 0-1

[Event "1516VL"]
[Site "Mecklenburg-Vorpommern"]
[Date "2016.04.24"]
[Round "9.7"]
[White "Focke, Adrian"]
[Black "Giese, Lothar"]
[Result "1/2-1/2"]
[WhiteElo "1643"]
[BlackElo "1800"]
[PlyCount "96"]
[EventDate "2015.10.11"]
[EventType "team-tourn"]
[EventRounds "9"]
[EventCountry "GER"]
[SourceDate "2015.09.20"]
[WhiteTeam "SF Schwerin IV"]
[BlackTeam "FHSG Stralsund"]
[WhiteTeamCountry "GER"]
[BlackTeamCountry "GER"]

1. e4 c5 2. Nf3 Nc6 3. d4 cxd4 4. Nxd4 d6 5. Nc3 Nf6 6. Be3 g6 7. Qd2 Bg7 8. f3
Nxd4 9. Bxd4 O-O 10. Bc4 Be6 11. Bxe6 fxe6 12. O-O Qa5 13. Rad1 Qh5 14. Ne2 g5
15. h3 Qg6 16. Be3 h6 17. Nd4 Nh5 18. c3 a6 19. Qc2 Bxd4 20. Bxd4 b5 21. Qd2
Rac8 22. Bf2 Nf4 23. Be3 Kh7 24. Rf2 Rf7 25. Qd4 Rc5 26. Qd2 Rc4 27. b3 Rc8 28.
Ra1 Qf6 29. Bd4 e5 30. Be3 Qe6 31. Kh2 Rc6 32. Rd1 Ng6 33. Qd3 Rf8 34. Rc2 Nh4
35. Bf2 Ng6 36. Be3 Nf4 37. Bxf4 gxf4 38. Qd5 Qxd5 39. Rxd5 h5 40. Rd1 h4 41.
Kg1 Rfc8 42. Rdc1 Kg7 43. Kf2 Kf6 44. Ke2 e6 45. Rd1 Rxc3 46. Rxc3 Rxc3 47.
Rxd6 Rc2+ 48. Rd2 Rc6 1/2-1/2

[Event "1516VL"]
[Site "Mecklenburg-Vorpommern"]
[Date "2016.04.24"]
[Round "9.8"]
[White "Vietinghoff, Klaus"]
[Black "Frost, Jakob"]
[Result "1/2-1/2"]
[WhiteElo "1757"]
[BlackElo "1518"]
[PlyCount "77"]
[EventDate "2015.10.11"]
[EventType "team-tourn"]
[EventRounds "9"]
[EventCountry "GER"]
[SourceDate "2015.09.20"]
[WhiteTeam "FHSG Stralsund"]
[BlackTeam "SF Schwerin IV"]
[WhiteTeamCountry "GER"]
[BlackTeamCountry "GER"]

1. f4 d5 2. Nf3 Bg4 3. e3 e6 4. b3 Be7 5. d4 c5 6. c3 Nc6 7. Bb5 Qb6 8. Bxc6+
bxc6 9. O-O Nf6 10. h3 Bh5 11. Qe1 O-O 12. Ne5 cxd4 13. exd4 Rfe8 14. Nd2 c5
15. Qe3 cxd4 16. cxd4 Rac8 17. g4 Bg6 18. f5 exf5 19. gxf5 Bh5 20. Rf2 Bd6 21.
Qf4 Rc2 22. a4 Qc7 23. Ba3 Bxe5 24. dxe5 Qxe5 25. Qxe5 Rxe5 26. Rc1 Rxc1+ 27.
Bxc1 Re1+ 28. Rf1 Rxf1+ 29. Kxf1 Ne4 30. Nxe4 dxe4 31. Ke1 Kf8 32. Kd2 Ke7 33.
Ke3 Bf3 34. Bb2 g6 35. fxg6 hxg6 36. h4 f6 37. b4 g5 38. hxg5 fxg5 39. b5
1/2-1/2

[Event "1516VL"]
[Site "Mecklenburg-Vorpommern"]
[Date "2016.04.24"]
[Round "9.1"]
[White "Littke, Helmut"]
[Black "Zentgraf, Robert"]
[Result "1/2-1/2"]
[WhiteElo "1954"]
[BlackElo "2142"]
[PlyCount "23"]
[EventDate "2015.10.11"]
[EventType "team-tourn"]
[EventRounds "9"]
[EventCountry "GER"]
[SourceDate "2015.09.20"]
[WhiteTeam "ASV GW Wismar "]
[BlackTeam "SAV Torgelow"]
[WhiteTeamCountry "GER"]
[BlackTeamCountry "GER"]

1. d4 Nf6 2. c4 g6 3. Nc3 Bg7 4. e4 d6 5. Nf3 O-O 6. Be2 Na6 7. O-O e5 8. Be3
Bg4 9. dxe5 dxe5 10. Nxe5 Qxd1 11. Bxd1 Bxd1 12. Raxd1 1/2-1/2

[Event "1516VL"]
[Site "Mecklenburg-Vorpommern"]
[Date "2016.04.24"]
[Round "9.2"]
[White "Ehlers, Michael"]
[Black "Kliewe, Hans Juergen"]
[Result "1-0"]
[WhiteElo "1945"]
[BlackElo "1964"]
[PlyCount "71"]
[EventDate "2015.10.11"]
[EventType "team-tourn"]
[EventRounds "9"]
[EventCountry "GER"]
[SourceDate "2015.09.20"]
[WhiteTeam "SAV Torgelow"]
[BlackTeam "ASV GW Wismar "]
[WhiteTeamCountry "GER"]
[BlackTeamCountry "GER"]

1. e4 e6 2. d4 d5 3. Nc3 Bb4 4. e5 c5 5. a3 cxd4 6. axb4 dxc3 7. Qg4 Qe7 8. Nf3
f5 9. Qf4 cxb2 10. Bxb2 Nh6 11. Be2 Nf7 12. h4 Nd7 13. O-O b6 14. Ra2 O-O 15.
Rfa1 a5 16. bxa5 Re8 17. Bb5 Qc5 18. Bxd7 Bxd7 19. Bd4 Qb5 20. Bxb6 Rec8 21.
Qe3 Ra6 22. Qd3 Rc4 23. g3 Re4 24. Nd4 Qc4 25. Rb2 Nxe5 26. Qxc4 Nxc4 27. Rb4
Nd6 28. Bc5 e5 29. Rb8+ Kf7 30. Nf3 h6 31. Bxd6 Rxd6 32. a6 Bc6 33. a7 Ke7 34.
Ra6 Rd8 35. Rxc6 Ra4 36. Rc7+ 1-0

[Event "1516VL"]
[Site "Mecklenburg-Vorpommern"]
[Date "2016.04.24"]
[Round "9.3"]
[White "Stutz, Reno"]
[Black "Schmekel, Florian"]
[Result "0-1"]
[WhiteElo "1933"]
[BlackElo "1929"]
[PlyCount "108"]
[EventDate "2015.10.11"]
[EventType "team-tourn"]
[EventRounds "9"]
[EventCountry "GER"]
[SourceDate "2015.09.20"]
[WhiteTeam "ASV GW Wismar "]
[BlackTeam "SAV Torgelow"]
[WhiteTeamCountry "GER"]
[BlackTeamCountry "GER"]

1. d4 Nf6 2. Nf3 e6 3. e3 b6 4. Bd3 Bb7 5. O-O c5 6. b3 cxd4 7. exd4 Be7 8. Bb2
O-O 9. Nbd2 d6 10. Re1 Nbd7 11. c4 Rc8 12. Qe2 Re8 13. Rad1 Bf8 14. Bb1 Qc7 15.
Qd3 g6 16. Ng5 Bg7 17. Nde4 Nxe4 18. Nxe4 d5 19. cxd5 Bxd5 20. Nc3 Nf6 21. Nb5
Qd7 22. Rc1 Be4 23. Qe2 Bxb1 24. Rxb1 Nd5 25. a4 Red8 26. Rbc1 Ne7 27. Qe4 Nf5
28. Rxc8 Rxc8 29. Rd1 a6 30. Na3 Rd8 31. Nc2 h5 32. h3 a5 33. Rd3 b5 34. axb5
Nd6 35. Qe1 Qxb5 36. Qd1 a4 37. Na3 Qb7 38. Nb1 Rb8 39. Ba3 Nf5 40. b4 Qd7 41.
d5 Rd8 42. g4 hxg4 43. hxg4 Ne7 44. d6 Nd5 45. Nd2 Qb5 46. Ne4 Qc4 47. Qf3 Be5
48. g5 Kg7 49. Nf6 Nf4 50. Rd2 Rh8 51. d7 Nh3+ 52. Kg2 Nxg5 53. Ne8+ Kg8 54.
d8=Q Rh2+ 0-1

[Event "1516VL"]
[Site "Mecklenburg-Vorpommern"]
[Date "2016.04.24"]
[Round "9.4"]
[White "Bauer, Norbert"]
[Black "Schulz, Bernd"]
[Result "0-1"]
[WhiteElo "1974"]
[BlackElo "1882"]
[PlyCount "108"]
[EventDate "2015.10.11"]
[EventType "team-tourn"]
[EventRounds "9"]
[EventCountry "GER"]
[SourceDate "2015.09.20"]
[WhiteTeam "SAV Torgelow"]
[BlackTeam "ASV GW Wismar "]
[WhiteTeamCountry "GER"]
[BlackTeamCountry "GER"]

1. e4 e5 2. Nf3 Nc6 3. Bb5 Nf6 4. O-O d6 5. d4 exd4 6. Nxd4 Bd7 7. c4 Nxd4 8.
Bxd7+ Nxd7 9. Qxd4 Qf6 10. Qd1 Qd8 11. Nc3 Nf6 12. b3 Be7 13. Bb2 O-O 14. Qd4
Nd7 15. Nd5 Bf6 16. Nxf6+ Qxf6 17. Qd2 Qg6 18. Rae1 Kh8 19. Re3 f6 20. Rfe1 Nc5
21. f4 Nd7 22. Qd5 Rab8 23. Bd4 Qf7 24. a4 Qxd5 25. exd5 a6 26. Re7 Rbd8 27. g4
Kg8 28. Kg2 Rf7 29. Kg3 Rxe7 30. Rxe7 Kf8 31. Re6 Kf7 32. h4 Nf8 33. Re3 Re8
34. h5 Rxe3+ 35. Bxe3 Nd7 36. Kf3 g6 37. Ke4 f5+ 38. gxf5 Nf6+ 39. Kd4 gxf5 40.
c5 Nxh5 41. c6 b6 42. Kc4 Ke7 43. Kd4 Nf6 44. Bf2 Ne4 45. Bh4+ Ke8 46. b4 h5
47. Kd3 a5 48. bxa5 bxa5 49. Be1 Nc5+ 50. Kc4 Nxa4 51. Bxa5 Nb6+ 52. Kd4 h4 53.
Be1 h3 54. Bg3 Kf7 0-1

[Event "1516VL"]
[Site "Mecklenburg-Vorpommern"]
[Date "2016.04.24"]
[Round "9.5"]
[White "Podolskiy, Alexander"]
[Black "Onasch, Paul"]
[Result "1/2-1/2"]
[WhiteElo "1871"]
[BlackElo "1944"]
[PlyCount "49"]
[EventDate "2015.10.11"]
[EventType "team-tourn"]
[EventRounds "9"]
[EventCountry "GER"]
[SourceDate "2015.09.20"]
[WhiteTeam "ASV GW Wismar "]
[BlackTeam "SAV Torgelow"]
[WhiteTeamCountry "GER"]
[BlackTeamCountry "GER"]

1. e4 d5 2. exd5 Qxd5 3. Nc3 Qa5 4. d4 c6 5. Bd3 Bf5 6. Nf3 Bxd3 7. Qxd3 Nf6 8.
O-O e6 9. Bf4 Nbd7 10. Ne5 Nxe5 11. Bxe5 O-O-O 12. Ne2 Bd6 13. Bxd6 Rxd6 14.
Qg3 Ne8 15. Rfe1 Qc7 16. a4 Rd5 17. Qa3 Nf6 18. c4 Rf5 19. f3 h5 20. b4 h4 21.
a5 Rd8 22. Rad1 g5 23. a6 b6 24. Qe3 g4 25. f4 1/2-1/2

[Event "1516VL"]
[Site "Mecklenburg-Vorpommern"]
[Date "2016.04.24"]
[Round "9.6"]
[White "Massloch, Philipp"]
[Black "Borchert, Ulf"]
[Result "0-1"]
[WhiteElo "1663"]
[BlackElo "1822"]
[PlyCount "84"]
[EventDate "2015.10.11"]
[EventType "team-tourn"]
[EventRounds "9"]
[EventCountry "GER"]
[SourceDate "2015.09.20"]
[WhiteTeam "SAV Torgelow"]
[BlackTeam "ASV GW Wismar "]
[WhiteTeamCountry "GER"]
[BlackTeamCountry "GER"]

1. e4 c5 2. Nc3 Nc6 3. f4 g6 4. Nf3 Bg7 5. Bb5 a6 6. Bxc6 dxc6 7. O-O Nf6 8. d3
Bg4 9. Qe1 Bxf3 10. Rxf3 O-O 11. Qh4 h5 12. f5 Ng4 13. Bg5 f6 14. Bd2 Qd4+ 15.
Kh1 g5 16. Qg3 Ne5 17. Rff1 h4 18. Qe3 Qxe3 19. Bxe3 b6 20. Ne2 Rfd8 21. b3 Kf7
22. Ng1 e6 23. Rab1 Ng4 24. Bd2 e5 25. Nh3 a5 26. Ng1 Bf8 27. Nf3 b5 28. h3 Nh6
29. Nxg5+ fxg5 30. Bxg5 Rd7 31. Bxh4 a4 32. g4 axb3 33. axb3 Bd6 34. g5 Ng8 35.
g6+ Kg7 36. Bg5 Be7 37. Bxe7 Rxe7 38. h4 Nf6 39. Kg2 Nh5 40. Kf3 Rea7 41. Kg4
Nf6+ 42. Kg5 Rh8 0-1